Football : AS Saint-Etienne - Statistiques

Statistiques générales
  • Ce quiz a été pris 442 fois
  • Le résultat moyen est 19 sur 25
Statistiques - réponses
Questions Réponses % Correct
Que signifie le sigle ASSE? Association Sportive de Saint-Etienne
97%
Quel club, situé à une cinquantaine de kilomètres de Saint-Etienne, est le plus grand rival du club ? Olympique Lyonnais
97%
Quelle est la mythique couleur du maillot de Saint-Etienne ? Vert
97%
Combien de championnats de France l'ASSE a-t-elle gagné ? 10
96%
Comment est-il surnommé, notamment grâce à son énorme ambiance ? Le Chaudron
96%
Quelle est la seule équipe française qui en compte plus ? PSG
96%
Comment s'appelle le stade de l'AS Saint-Etienne, nom du créateur de Casino ? Geoffroy Guichard
93%
Quel multiple ballon d'or français a foulé les terrains français sous la tunique stéphanoise au début des années 1980 ? Michel Platini
90%
En quelle année l'AS Saint-Etienne a subi une descente en Ligue 2 ? 2022
86%
Quel grand joueur gabonais a fait le bonheur de l'ASSE, avant son départ pour le Borussia Dortmund, en 2013 ? Pierre-Emerick Aubameyang
85%
En quelle année l'ASSE a-t-elle glané son dernier trophée, la coupe de la ligue ? 2013
83%
Quel joueur, ayant uniquement joué à ce club, était le patron de la défense stéphanoise durant les années 2010 ? Loïc Perrin
82%
Malgré sa domination, contre quelle grande équipe a-t-elle échoué, en finale ? Bayern Munich
80%
En quelle année a eu lieu la folle épopée stéphanoise en coupe d'Europe ? 1975-1976
78%
Quels sont les deux groupes de supporters de l'ASSE ? Green Angels
74%
Magic Fans
74%
En quelle année l'AS Saint-Etienne est-elle devenue professionnelle ? 1933
73%
Quelle attaquant brésilien, souvent moqué pour sa technique, est l'unique buteur cette finale ? Brandao
72%
Quel joueur de foot était surnommé l' "ange vert" ? Dominique Rocheteau
67%
Quel duo de présidents a été à la tête du club de 2006 à 2024? Roland Romeyer
63%
Quelle jeune entraîneur, à la mythique tignasse rousse, surnommé le sphinx, était à la tête de cette équipe ? Robert Herbin
49%
Bernard Caïazzo
48%
Qui était le capitaine de l'ASSE, par la suite commentateur aux côtés de Thierry Roland ? Jean-Michel Larqué
42%
Quel est le meilleur buteur de l'histoire du club ? Hervé Revelli
39%
Quel est le joueur le plus capé de l'histoire du club ligérien ? René Domingo
11%
Aucun quiz correspondant
Distribution des résultats
% des personnes avec chaque résultat
Percentile par nombre de réponses
Votre historique - résultats
Vous n’avez pas pris ce quiz